000 00803nam a2200241Ia 4500
003 OSt
005 20220923210950.0
006 a|||||r|||| 00| 0
007 ta
008 Pun
020 _a8126013087 (hbk)
024 _a234,999
037 _cTextual
040 _aARTS
_cARTS
_bPun
041 _2Pun
_aPun
082 _aO158,3NGO,GH, 153P2
100 _aਗੋਸਵਾਮੀ, ਇੰਦਿਰਾ; ਜਗਤਾਰਜੀਤ ਸਿੰਘ, ੳਗ.
_9156622
245 0 _aਘੁਣ ਖਾਧਾ ਹੌਦਾ
260 _aਦਿੱਲੀ
_b ਸਾਹਿਤ ਅਕਾਦੇਮੀ
_c2002
300 _a331ਪੰ
_ccm.
942 _hO158,3NGO,GH, 153P2
_cTEXL
_2CC
999 _c293249
_d293249